| 000 | 01178cam a2200289 a 4500 | ||
|---|---|---|---|
| 001 | 000006658 | ||
| 005 | 20200929153952.0 | ||
| 008 | 970910s1994 mx a b 001 0 eng d | ||
| 020 | _a8459933792 | ||
| 040 |
_aDO-SdBNP _cOClMA _dPU _dIaU _dDLC |
||
| 041 | 1 |
_aengspa _hspa |
|
| 050 | 0 | 0 |
_aN5310.5.S7 _bB48 1994 |
| 082 |
_ann* _bB488p |
||
| 100 | 1 |
_aBerenguer, Magin. _918511 |
|
| 245 | 1 | 0 |
_aPrehistoric cave art in Northern Spain, Asturias / _cMagin Berenguer ; traducción en inglés, Henry Hinds ; introducción, Fredo Arias de la Canal. |
| 260 |
_aMéxico : _bFrente de Afirmación Hispánista, _c[1994?]. |
||
| 300 |
_a286 p. : _bil. ; _c30 cm. _e23 transparencias. |
||
| 546 | _aText in English and Spanish. | ||
| 500 | _aTransparencias contempladas en el bolsillo. | ||
| 504 | _aIncluye referencias bibliográficas p. 177-180 e índice. | ||
| 650 | 0 |
_aArt, prehistoric _zSpain _zAsturias. _918512 |
|
| 650 | 0 |
_aCave paintings _zSpain _zAsturias. _918513 |
|
| 650 | 0 |
_aAurignacian culture _zSpain _zAsturias. _918514 |
|
| 650 | 0 |
_aSolutrean culture _zSpain _zAsturias. _918515 |
|
| 650 | 0 |
_aMagdalenian culture _zSpain _zAsturias. _918516 |
|
| 910 | _aCatalogación por copia / LC | ||
| 999 |
_c6448 _d6448 |
||